A hírhedt elnöki rendeletek

Bibliographic Details
Format: Article
Language:Hungarian
PhysicalDescription:Fotogr.
Subjects:

MARC

LEADER 00000nab a2200000 a 4500
001 vtls000795197
003 SK-MaSNL
005 20260319075016.0
008 160324c2002 xo 0 hun
015 |a SNBRB2002/05-17069 
035 |a CLN000146852 
040 |a SNKBUCL  |b slo  |c SNKBUCL  |e AACR2 
041 0 |a hun 
044 |a xo  |c SK 
080 |a 323.1(437)"1945/1947"  |2 1997 
080 |a 943.7"1945/1947"  |2 1997 
080 |a 342.7(437)  |2 1997 
245 0 0 |a A hírhedt elnöki rendeletek 
300 |b Fotogr. 
630 0 7 |a Benešove dekréty  |x výňatky  |2 snkbucl  |9 852105 
655 7 |a články z novín a časopisov  |2 snkbucl  |9 267496 
773 0 |t Vasárnap  |g Roč. 35, č. 14 (2002), s. 14-15 
850 |a Slovenská národná knižnica v Martine 
852 |a SNK  |b KIS3GCP 
958 |a HU 
958 |a SK 
958 |a CZ 
958 |a RBX 
999 |c 1369421  |d 1371351